The Story of Medicine (Record no. 183203)
[ view plain ]
| 000 -LEADER | |
|---|---|
| fixed length control field | 00697 a2200193 4500 |
| 003 - CONTROL NUMBER IDENTIFIER | |
| control field | Nust |
| 005 - DATE AND TIME OF LATEST TRANSACTION | |
| control field | 20170207153259.0 |
| 020 ## - INTERNATIONAL STANDARD BOOK NUMBER | |
| International Standard Book Number | 0-8368-0049-4 |
| 040 ## - CATALOGING SOURCE | |
| Transcribing agency | Nust |
| 082 ## - DEWEY DECIMAL CLASSIFICATION NUMBER | |
| Classification number | 610.9 |
| 100 ## - MAIN ENTRY--PERSONAL NAME | |
| Personal name | Barbara Behm |
| 245 ## - TITLE STATEMENT | |
| Title | The Story of Medicine |
| Statement of responsibility, etc. | Barbara Behm |
| 260 ## - PUBLICATION, DISTRIBUTION, ETC. | |
| Place of publication, distribution, etc. | USA |
| Name of publisher, distributor, etc. | Gareth stevens children,s books |
| Date of publication, distribution, etc. | 1992 |
| 300 ## - PHYSICAL DESCRIPTION | |
| Extent | 64p |
| 505 ## - FORMATTED CONTENTS NOTE | |
| Formatted contents note | Health And Medicine (Page-4), Medicine In Ancient Times (Page-10), Medieval Medicine (Page-16), Scientific Beginnings (Page-22), A Time Of Progress (Page-30), Medicine Today (Page-38), Medicine In Other Places (Page-48), Medicine In The Future (Page-56). |
| 538 ## - SYSTEM DETAILS NOTE | |
| System details note | Almirah No.28 Shelf No.3 |
| 600 ## - SUBJECT ADDED ENTRY--PERSONAL NAME | |
| Personal name | Barbara Behm |
| 650 ## - SUBJECT ADDED ENTRY--TOPICAL TERM | |
| Topical term or geographic name entry element | Medicine |
| 942 ## - ADDED ENTRY ELEMENTS (KOHA) | |
| Source of classification or shelving scheme | |
| Koha item type | Book |
| Withdrawn status | Lost status | Source of classification or shelving scheme | Damaged status | Not for loan | Collection code | Permanent Location | Current Location | Date acquired | Total Checkouts | Full call number | Barcode | Date last seen | Price effective from | Koha item type |
|---|---|---|---|---|---|---|---|---|---|---|---|---|---|---|
| Military College of Signals (MCS) | Military College of Signals (MCS) | 12/12/2016 | 610.9 BEM | MCS2087 | 12/08/2016 | 12/12/2016 | Book |
